000 01086cam a2200277 a 4500
001 000012036
005 20200929162651.0
008 940802s1993 ck 000 f spa
020 _a9586121607
035 _a(DLC) 94190483
040 _aDO-SdBNP
_cDLC
_dBNPHU
050 0 0 _aMLCS 97/10240 (P)
082 _ann
_bA594r
100 1 _aAngulo Ponce, María Juana,
_d1931-
_928473
245 1 0 _aRelatos de mar y selva /
_cMaría Juana Angulo Ponce, Carlina Andrade ; recopilador, Alfredo Vanin.
260 _aSantafé de Bogota, (Colombia) :
_bColcultura,
_c1993.
300 _a62 p. ;
_c21 cm.
490 1 _aPremios nacionales '93
_aLiteratura oral negra y raizal exqequo
500 _a"Premios nacionales '93. Literatura oral negra y raizal ex-aequo"--Cover.
586 _aPremios nacional al rescate de la tradición negra y raizal, 1993.
700 1 _aAndrade, Carlina,
_d1931-
_928474
700 1 _aVanin, Alfredo,
_d1950-
_928475
830 0 _aPremios nacionales '93
_pLiteratura oral negra y raizal exqequo
_928476
910 _aCatalogación por copia / LC
049 _aBNGR
999 _c11704
_d11704